000 00328 a2200157 4500
001 185961
020 _a84-207-4298-8
040 _cMagnum
100 _aGuillevic, E.
240 1 0 _aDino y jacobo
_lpor
245 1 0 _aDino y jacobo
300 _a
362 0 _a1991
697 _aLITERATURA INFANTIL ESPANHOLA
942 _cBK
999 _c185961
_d185961